Ako rozbehnúť podnik

Odhad nutného času na rozbehnutie nového podniku. Činitele potrebné pri zostavovaní a rozvíjaní úspešného manažérskeho tímu. Transformácia neúspešného podniku. Problémy pri zakladaní a rozbehnutí firmy. Význam a relevantnosť diskusie o podnikovom riadení a vedení pre rozrastajúce sa podniky.

Salvato in:
Dettagli Bibliografici
Natura: Capitolo di libro
Lingua:slovacco
Soggetti:
Tags: Aggiungi Tag
Nessun Tag, puoi essere il primo ad aggiungerne!!

MARC

LEADER 00000naa a2200000 4500
001 r034652
005 20230919123744.2
041 0 |a slo 
044 |a SK 
245 1 0 |a Ako rozbehnúť podnik 
520 |a Odhad nutného času na rozbehnutie nového podniku. Činitele potrebné pri zostavovaní a rozvíjaní úspešného manažérskeho tímu. Transformácia neúspešného podniku. Problémy pri zakladaní a rozbehnutí firmy. Význam a relevantnosť diskusie o podnikovom riadení a vedení pre rozrastajúce sa podniky. 
610 2 0 |a podnik 
610 2 0 |a podnikanie 
610 2 0 |a tímy pracovné 
610 2 0 |a technológia 
610 2 0 |a transformácia 
610 2 0 |a manažment 
610 2 0 |a založenie podniku 
610 2 0 |a riadenie podnikové 
610 2 0 |a úspech pracovný 
610 2 0 |a ciele podnikové